♫ That's So Raven Lyrics - Raven-Symone ♫ - Statistics

General Stats
  • This quiz has been taken 567 times
  • The average score is 9 of 14
Answer Stats
Lyrical Line % Correct
You might think {life} would be a breeze
88%
That's so {Raven}
86%
(life is a {breeze})
74%
But it's not that {easy} (oh, no)
73%
Then I end up {misbehaving} (oh, oh oh)
65%
If you could {gaze} into the future
64%
it's the future {I can} see
64%
I try to save the {situation}
61%
Seeing {trouble} from a distance (yeah, go Rae)
59%
so {mysterious} to me
58%
Hey now, what you {say} now bout to put it down
52%
And the {future} looks great now
49%
Come on take a ride with {Rae} now
48%
and {everything}'s gonna change now (let's rock)
42%
No matching quizzes found
Score Distribution
Percent of People with Each Score
Percentile by Number Answered
Your Score History
You have not taken this quiz